00402nam a2200157Ia 4500008004100000020000700041082001500048100002000063245002000083250000700103260003600110300003400146500000700180600003300187650002400220240925s9999 xx 000 0 und d aNA a796.44 CAR aCardus, Neville 0aDays in the Sun aNA aLondon:bGrant Richardsc,1924. aVarious pagesbN.AfPhotocopy aNA aHumanities & Natural Science aArts and Recreation